• 首页
  • 本馆介绍
  • 公告通知
  • 最新文献
  • 馆藏检索
  • 电子资源
  • 读者导购
  • 参考咨询
  • 我的图书馆
  • 登录
  • 详细信息显示
  • 放入我的书架
  • 预约/预借图书
  • 作者相关作品
  • 分类相关作品
  • 丛书相关作品
  • 出版社相关作品

书目信息

  • 表格格式
  • 工作单格式
  • 卡片格式
题名:
    
 
作者:
分册:  
出版信息: z 000yy    
页数: 释际楣菔乱捣⒄
开本:
丛书名:
单 册:
中图分类: Ji Tu Shu Guan
科图分类:
主题词: 故植?ADang Dai Guo
电子资源:
ISBN: 0-313-21372-0
000 00596nam0 2200193 45
001 0504041579
005 20050405090123.5
010    @a0-313-21372-0
100    @dCNY
101    @a2005
105    @0404d1981 km y0
200    @chiy0120 ea
210    @a z 000yy
215    @a释际楣菔乱捣⒄
606    @a故植?ADang Dai Guo
690    @a Ji Tu Shu Guan
701    @Shi Ye Fa ZhanSh
801 ou @fMiles M.Jackson编@F
905    @Miles M.Jackson Bian
    
    hiy0120 ea.- z 000yy
    释际楣菔乱捣⒄
    
    
    ISBN 0-313-21372-0:
    
●
相关链接 在E读中查询图书 在五车中查询图书 在当当中查询图书 在豆瓣中查询图书


正题名:当代国际图书馆事业发展手册     索取号:G250:H31/2         预约/预借

序号 登录号 条形码 馆藏地/架位号 状态 备注
1 0180649   001170903   密集书库/ [索取号:G250:H31/2] 在馆    
2 0180650   001171154   密集书库/ [索取号:G250:H31/2] 在馆    
唐山师范学院图书馆 欢迎您!
大连网信软件有限公司© 版权所有